| 000 | 00479cam a2200181ua 4500 | ||
|---|---|---|---|
| 020 | _c125.00 | ||
| 041 |
_aeng _h |
||
| 082 |
_a630.37 _bMOH/ED |
||
| 100 | _aMohan prakash, Gupta . | ||
| 245 |
_aEducation systems analysis and reforms / _cMohan prakash gupta. _hTextual Documents |
||
| 250 |
_a1 / _b. |
||
| 260 |
_aNew Delhi : _bAgricole publishing accademy , _c1984. |
||
| 300 | _a161 ; . | ||
| 365 | _a125.00 | ||
| 504 | _a | ||
| 942 | _cBK | ||
| 999 |
_c1606 _d1606 |
||